|
|
|
|
| LEADER |
01259nam a2200397 4500 |
| 001 |
DLU050047879 |
| 005 |
##19980211063617.2 |
| 008 |
##970627s1997 dcua b i000 0 eng |
| 010 |
# |
# |
|a 97026475
|
| 020 |
# |
# |
|a 0821340069
|
| 035 |
# |
# |
|9 (DLC) 97026475
|
| 040 |
# |
# |
|a DLC
|c DLC
|d DLC
|
| 043 |
# |
# |
|a ae-----
|
| 050 |
# |
# |
|a HG187.E37
|b C58 1997
|
| 082 |
# |
# |
|a 332/.095
|2 21
|
| 100 |
# |
# |
|a Claessens, Stijn.
|
| 245 |
# |
# |
|a Are financial sector weaknesses undermining the East Asian miracle? /
|c Stijn Claessens, Thomas Glaessner.
|
| 260 |
# |
# |
|a Washington, D.C. :
|b World Bank,
|c c1997.
|
| 300 |
# |
# |
|a vi, 39 p. :
|b ill. ;
|c 23 cm.
|
| 500 |
# |
# |
|a Paper presented at a seminar at Hofstra University, on Apr. 11, 1997.
|
| 504 |
# |
# |
|a Includes bibliographical references (p. 38-39).
|
| 650 |
# |
# |
|a Banks and banking
|z East Asia.
|
| 650 |
# |
# |
|a Finance
|z East Asia.
|
| 650 |
# |
# |
|a Securities
|z East Asia.
|
| 651 |
# |
# |
|a East Asia
|x Economic conditions.
|
| 700 |
# |
# |
|a Glaessner, Thomas C.
|
| 710 |
# |
# |
|a World Bank.
|
| 830 |
# |
# |
|a Directions in development (Washington, D.C.)
|
| 994 |
# |
# |
|a DLU
|
| 900 |
# |
# |
|a True
|
| 911 |
# |
# |
|a Đào Thị Thu Huyền
|
| 925 |
# |
# |
|a G
|
| 926 |
# |
# |
|a A
|
| 927 |
# |
# |
|a SH
|
| 980 |
# |
# |
|a Thư viện Trường Đại học Đà Lạt
|